Central Library, Doon University
WEBOPAC (ONLINE PUBLIC ACCESS CATALOGUE)

Computer Based Optimization Techniques (Record no. 60620)

MARC details
000 -LEADER
fixed length control field 00458nam a22001817a 4500
005 - DATE & TIME
control field 20260416113354.0
008 - FIXED-LENGTH DATA ELEMENTS--GENERAL INFORMATION
fixed length control field 260416b |||||||| |||| 00| 0 eng d
020 ## - ISBN
International Standard Book Number 9788190707770
Price 695.00
040 ## - CATALOGING SOURCE
Original cataloging agency Doon University
041 ## - Language
Language English
082 ## - DDC NUMBER
Classification number 519.6
Book Number ALA
100 ## - MAIN ENTRY--PERSONAL NAME
Personal name Alam, Tanweer
245 ## - TITLE STATEMENT
Title Computer Based Optimization Techniques
260 ## - PUBLICATION, DISTRIBUTION, ETC. (IMPRINT)
Place of publication, distribution, etc Delhi
Name of publisher, distributor, etc A.B. Publisher
Date of publication, distribution, etc 2023
300 ## - PHYSICAL DESCRIPTION
Pages 412
650 ## - Subject
Subject Computer Science
942 ## - ADDED ENTRY ELEMENTS (KOHA)
Koha item type Books
100 ## - MAIN ENTRY--PERSONAL NAME
-- 22679
952 ## - LOCATION AND ITEM INFORMATION (KOHA)
-- 2026-04-16
952 ## - LOCATION AND ITEM INFORMATION (KOHA)
-- 2026-04-16
952 ## - LOCATION AND ITEM INFORMATION (KOHA)
-- 2026-04-16
952 ## - LOCATION AND ITEM INFORMATION (KOHA)
-- 2026-04-16
952 ## - LOCATION AND ITEM INFORMATION (KOHA)
-- 2026-04-16
952 ## - LOCATION AND ITEM INFORMATION (KOHA)
-- 2026-04-16
952 ## - LOCATION AND ITEM INFORMATION (KOHA)
-- 2026-04-16
952 ## - LOCATION AND ITEM INFORMATION (KOHA)
-- 2026-04-16
952 ## - LOCATION AND ITEM INFORMATION (KOHA)
-- 2026-04-16
952 ## - LOCATION AND ITEM INFORMATION (KOHA)
-- 2026-04-16
Holdings
Withdrawn status Lost status Source of classification or shelving scheme Damaged status Not for loan Location (home branch) Sublocation or collection (holding branch) Date acquired Koha full call number Accession No. Koha date last seen Koha item type Koha issues (times borrowed)
        Not For Loan Doon University Doon University 16.04.2026 519.6 ALA 53889 16.04.2026 Reference  
          Doon University Doon University 16.04.2026 519.6 ALA 53890 16.04.2026 Books  
          Doon University Doon University 16.04.2026 519.6 ALA 53891 16.04.2026 Books  
          Doon University Doon University 16.04.2026 519.6 ALA 53892 16.04.2026 Books  
          Doon University Doon University 16.04.2026 519.6 ALA 53893 16.04.2026 Books  
          Doon University Doon University 16.04.2026 519.6 ALA 53894 16.04.2026 Books  
          Doon University Doon University 16.04.2026 519.6 ALA 53895 16.04.2026 Books  
          Doon University Doon University 16.04.2026 519.6 ALA 53896 16.04.2026 Books  
          Doon University Doon University 16.04.2026 519.6 ALA 53897 16.04.2026 Books  
          Doon University Doon University 16.04.2026 519.6 ALA 53898 16.04.2026 Books  
Contact : +91-135-2533126 (Library),+91-135-2533105 (Admin Office) , Email : doonlibrary@gmail.com

Powered by Koha